000 00296nam a2200109Ia 4500
008 200302s9999 xx 000 0 und d
100 _aWarren Hammer
245 _aBlueprint Reading Basics 3rd ed. Manufacturing Print Reading
260 _bIndustrial Press Inc.
260 _c2001
300 _a314 P.,
999 _c1828
_d1828